Królowie Polski według lat panowania - Statystyki

Ogólne statystyki
  • Ten quiz został rozwiązany 258 razy
  • Średni wynik to 4 z 10
Statystyki odpowiedzi
Lata panowania Król % Poprawnych
1025 Bolesław Chrobry
97%
1333 - 1370 Kazimierz Wielki
84%
1764 - 1795 Stanisław August Poniatowski
49%
1587 - 1632 Zygmunt III Waza
35%
1507 - 1548 Zygmunt Stary
35%
1629 - 1696 Jan III Sobieski
33%
1102 - 1107 Bolesław Krzywousty
23%
1377 - 1381 Władysław Jagiełło
21%
1267 - 1300 Władysław Łokietek
19%
1138 - 1146 Władysław Wygnaniec
16%
Nie znaleziono quizów pasujących do podanych kryteriów
Rozkład punktacji
Procent ludzi z każdym wynikiem
Percentyl według liczby udzielonych odpowiedzi
Twoja historia wyników
Nie rozwiązałeś tego quizu